Catálogo público

Establecimiento de la metodología para el manejo óptimo de muestras de sangre y leche de ganado cebú (Bos indicus) destinadas a la determinación de progesterona por medio de radioinmunoanálisis / Angel Rosendo Pulido Albores (Record no. 216975)

MARC details
000 -CABECERA
campo de control de longitud fija 00857nam a2200205Ia 4500
001 - NÚMERO DE CONTROL
campo de control Z_5517
008 - DATOS DE LONGITUD FIJA--INFORMACIÓN GENERAL
campo de control de longitud fija 220601s9999 xx 000 0 und d
090 ## - LOCALMENTE ASIGNADO TIPO-LC NÚMERO DE CLASIFICACIÓN (OCLC); NÚMERO DE CLASIFICACIÓN LOCAL (RLIN)
Número de clasificación (OCLC) (R) ; Numero de clasificación, CALL (RLIN) (NR) Tesis P 1100
100 ## - ENTRADA PRINCIPAL--NOMBRE DE PERSONA
Nombre de persona Pulido Albores, Angel Rosendo
9 (RLIN) 182445
245 ## - MENCIÓN DE TÍTULO
Título Establecimiento de la metodología para el manejo óptimo de muestras de sangre y leche de ganado cebú (Bos indicus) destinadas a la determinación de progesterona por medio de radioinmunoanálisis / Angel Rosendo Pulido Albores
260 ## - PUBLICACIÓN, DISTRIBUCIÓN, ETC.
Lugar de publicación, distribución, etc. México, D.F. : El autor,
300 ## - DESCRIPCIÓN FÍSICA
Extensión 77 h.
502 ## - NOTA DE TESIS
Nota de tesis Tesis ( Mestro en Producción Animal) -- UNAM. Facultad de Medicina Veterinaria
650 ## - PUNTO DE ACCESO ADICIONAL DE MATERIA--TÉRMINO DE MATERIA
Término de materia o nombre geográfico como elemento de entrada 1. Muestras de sangre 2. Sangre - Análisis y químicaÌ
9 (RLIN) 182446
901 ## - ELEMENTOS DE DATOS A LOCAL LDA (RLIN)
a TESIS P 1100
902 ## - ELEMENTOS DE DATOS B LOCAL, LDB (RLIN)
a M
905 ## - ELEMENTOS DE DATOS E LOCAL, LDE (RLIN)
a 0000001989 0000000000 00
942 ## - ELEMENTOS DE PUNTO DE ACCESO ADICIONAL (KOHA)
Tipo de ítem Koha Tesis_
Holdings
Estado de retiro Estado de pérdida Fuente del sistema de clasificación o colocación Estado dañado Restricciones de uso No para préstamo Código de colección Localización permanente Ubicación/localización actual Fecha de adquisición Fuente de adquisición Total de préstamos Signatura topográfica completa Código de barras Fecha visto por última vez Número de copia Precio válido a partir de Tipo de ítem Koha
    Clasificación Universidad Autónoma de Chapingo   Préstamo interno   Tesis Zootecnia Zootecnia 10/08/2007 El autor   Tesis P85 1100 1989 5101001670 02/06/2022 Ej.1 02/06/2022 Tesis